000 00564nam a2200181 i 4500
001 97188
003 ES-MaACL
005 20251122063118.0
007 t|
008 050707s1944 sp ||||1| spa d
100 0 _aMaqueda, Leopoldo Barón Torres,
_cDuque de
_976277
245 1 0 _aUn secreto de la Trapa /
_cDuque de Maqueda.
260 _aSan Sebastián :
_bEditorial Pax,
_c1944.
300 _a320 p., 8 lám. ;
_c20 cm.
600 0 4 _aRafael Arnáiz
_cBeato (
_d1911-1938)
_994953
852 _aES-MaACL
_jF-16360
_bR.21444
999 _c97188
_d97188